000 00284nam a22001337a 4500
008 171006b xxu||||| |||| 00| 0 eng d
020 _a013131298
041 _aeng
080 _a159.9
100 _a49
101 _aPSI
245 _aCHILD DEVELOOMENT
_cHALL.P
942 _2udc
_cBK
999 _c32336
_d32336